| 000 | 00920nam a2200229 a 4500 | ||
|---|---|---|---|
| 001 | 000016648 | ||
| 005 | 20250210102025.0 | ||
| 008 | 100308s2003 dr 000 0 spa d | ||
| 020 | _a9993403474 | ||
| 040 |
_aDO-SdBNP _bspa _cBNPHU |
||
| 041 | 1 | 7 |
_aspa _2eng |
| 082 |
_axxxx _bL864h |
||
| 100 | 1 |
_aLópez Familia, José Rafael _9594 |
|
| 245 | 1 | 0 |
_aHow to get a better ESL pronunciation for Spanish speakers = Como conseguir una mejor pronunciación inglesa como segundo idioma para hispanos / _cJosé Rafael López Familia. |
| 246 | 1 | 2 | _aComo conseguir una mejor pronunciación inglesa como segundo idioma para hispanos |
| 260 |
_aSanto Domingo : _bDe Colores, _c2003. |
||
| 300 |
_a141 p. : _bil. ; _c21 cm. |
||
| 500 | _aIncluye datos biográficos del autor en la contracubierta | ||
| 500 | _aReglas más fáciles de la pronunciación inglesa | ||
| 504 | _aIncluye bibliografías (p. 140-141) | ||
| 049 | _aBNPD | ||
| 999 |
_c16181 _d16181 |
||